000 00290 a2200145 4500
001 151841
040 _cEscola São Tomás de Aquino
240 1 0 _aIndez
_lpor
245 1 0 _aIndez
300 _a99
362 0 _a1988
440 1 _aMiguilim
697 _a*LITERATURA JUVENIL
942 _cBK
999 _c151841
_d151841